header

AIDS in Latin America (Record no. 85100)

MARC details
000 -LEADER
fixed length control field 01629nam a2200325Ia 4500
082 04 - DEWEY DECIMAL CLASSIFICATION NUMBER
Classification number 362.196/9792/0098
100 1# - MAIN ENTRY--AUTHOR NAME
Personal name Frasca, Tim.
245 10 - TITLE STATEMENT
Title AIDS in Latin America
260 ## - PUBLICATION, DISTRIBUTION, ETC. (IMPRINT)
Place of publication New York :
Name of publisher Palgrave Macmillan,
Year of publication 2005.
300 ## - PHYSICAL DESCRIPTION
Number of Pages x, 261 p.
505 0# - FORMATTED CONTENTS NOTE
Formatted contents note Two lives -- Ch. 1. Peru : testing, testing -- Fame -- Ch. 2. Mexico : fatal advances -- Penalolen -- Ch. 3. Costa Rica : the velvet glove -- The Gospel -- Ch. 4. Guatemala : the iron fist -- Rapid intervention -- Ch. 5. Trinidad and Tobago : living with people living with HIV/AIDS -- Air travel -- Ch. 6. Argentina : split perspicacity -- Turnpike -- Ch. 7. Brazil : seductive models -- Mentor -- Ch. 8. Chile : seizing empowerment.
650 #0 - SUBJECT ADDED ENTRY--TOPICAL TERM
Topical Term AIDS (Disease)
Topical Term HIV infections
856 40 - ELECTRONIC LOCATION AND ACCESS
Uniform Resource Identifier http://site.ebrary.com/lib/rucke/Doc?id=10135485

No items available.

© 2026 Rongo University
Contact us: librarian | system librarian | Rongo university